[Event "Bialystok Bieluczyk Memorial-B 2nd"]
[Site "Bialystok"]
[Date "2010.06.30"]
[Round "6"]
[White "Przybyl, Jozef"]
[Black "Rebov, Petar"]
[Result "1/2-1/2"]
[WhiteElo "1916"]
[BlackElo "1898"]
[PlyCount "66"]
[EventDate "2010.06.26"]
[EventType "swiss"]
[EventRounds "9"]
[EventCountry "POL"]
[SourceTitle "EXT 2012"]
[Source "ChessBase"]
[SourceDate "2011.11.24"]
[SourceVersion "1"]
[SourceVersionDate "2011.11.24"]
[SourceQuality "1"]

1. d4 d5 2. Nf3 Nf6 3. c4 c6 4. cxd5 cxd5 5. Nc3 Nc6 6. Bf4 e6 7. e3 Bb4 8. a3 Bxc3+ 9. bxc3 Ne4 10. c4 Qa5+ 11. Nd2 Qc3 12. Qc1 Qxd2+ 13. Qxd2 Nxd2 14. Kxd2 Na5 15. Kc3 Bd7 16. c5 Rc8 17. Kb4 Nc6+ 18. Kb3 a6 19. Bd6 f6 20. Bd3 Kf7 21. Rab1 e5 22. dxe5 Nxe5 23. Be2 Bc6 24. Rhd1 Ke6 25. f4 Nf7 26. Bf3 f5 27. g4 g6 28. gxf5+ gxf5 29. Rb2 Nxd6 30. cxd6 Kxd6 31. Rbd2 Rhe8 32. Rd3 Kc7 33. Rc3 Kd6 1/2-1/2

[Event "Bialystok Bieluczyk Memorial-B 2nd"]
[Site "Bialystok"]
[Date "2010.06.30"]
[Round "7"]
[White "Stepanova, Faina"]
[Black "Przybyl, Jozef"]
[Result "0-1"]
[WhiteElo "1456"]
[BlackElo "1916"]
[PlyCount "108"]
[EventDate "2010.06.26"]
[EventType "swiss"]
[EventRounds "9"]
[EventCountry "POL"]
[SourceTitle "EXT 2012"]
[Source "ChessBase"]
[SourceDate "2011.11.24"]
[SourceVersion "1"]
[SourceVersionDate "2011.11.24"]
[SourceQuality "1"]

1. d4 Nf6 2. c4 e6 3. Nc3 b6 4. Nf3 Bb7 5. Bg5 Be7 6. e3 h6 7. Bf4 Nh5 8. Bg3 Nxg3 9. fxg3 0-0 10. Be2 d6 11. 0-0 Nd7 12. e4 c5 13. d5 e5 14. Qc2 Nf6 15. Nh4 Bc8 16. Nf5 Kh7 17. Ne3 Bd7 18. Bf3 g6 19. a3 Kg7 20. Rab1 h5 21. h3 Nh7 22. h4 Nf6 23. b4 cxb4 24. axb4 Rc8 25. b5 Qc7 26. Qd3 Qc5 27. Kh2 Ng4+ 28. Nxg4 Bxg4 29. Bxg4 hxg4 30. Nd1 Qxc4 31. Qxc4 Rxc4 32. Nf2 f5 33. Ra1 Rc7 34. Rfc1 Rfc8 35. Rc6 Rxc6 36. dxc6 Rc7 37. h5 gxh5 38. exf5 Kf6 39. Nd3 Kxf5 40. Nb4 Ke6 41. Rd1 Bd8 42. Na6 Rf7 43. Nb4 Bc7 44. Kg1 Ke7 45. Rf1 Rh7 46. Rf5 Ke6 47. Rg5 d5 48. Na6 d4 49. Rg8 d3 50. Kf2 e4 51. Nb4 Kd6 52. Na6 Kd5 53. Rg5+ Kc4 54. Ke3 Re7 0-1

[Event "Bialystok Bieluczyk Memorial-B 2nd"]
[Site "Bialystok"]
[Date "2010.06.27"]
[Round "3"]
[White "Bondarets, Vadim"]
[Black "Przybyl, Jozef"]
[Result "1/2-1/2"]
[WhiteElo "2347"]
[BlackElo "1916"]
[PlyCount "127"]
[EventDate "2010.06.26"]
[EventType "swiss"]
[EventRounds "9"]
[EventCountry "POL"]
[SourceTitle "EXT 2012"]
[Source "ChessBase"]
[SourceDate "2011.11.24"]
[SourceVersion "1"]
[SourceVersionDate "2011.11.24"]
[SourceQuality "1"]

1. Nf3 d5 2. g3 Nf6 3. Bg2 Bg4 4. c4 c6 5. 0-0 Nbd7 6. cxd5 cxd5 7. Nc3 e6 8. h3 Bh5 9. d3 a6 10. Bf4 Be7 11. g4 Bg6 12. Nh4 0-0 13. Bg3 Rc8 14. Qd2 Bb4 15. a3 Ba5 16. b4 Bc7 17. Bxc7 Qxc7 18. Rac1 Qd6 19. Nxg6 hxg6 20. Rc2 Rc7 21. Rfc1 Rfc8 22. Na4 Rxc2 23. Rxc2 Rxc2 24. Qxc2 Qc6 25. Qxc6 bxc6 26. d4 Ne8 27. Nc5 Nxc5 28. bxc5 Kf8 29. e3 Nc7 30. Bf1 Ke7 31. f4 Kd7 32. Bd3 Ke7 33. Kf2 Kf6 34. h4 Ke7 35. Ke2 f5 36. gxf5 gxf5 37. Kd2 Kd7 38. Kc3 Kc8 39. Kb4 Kb7 40. Ka5 Ka7 41. Be2 Kb7 42. Kb4 Ka7 43. Kc3 Kb7 44. h5 Kc8 45. Bf1 Kb7 46. Be2 Kc8 47. Kc2 Kb7 48. Kd2 Kc8 49. Bf1 Kd7 50. Kc3 Kc8 51. Kb4 Kb7 52. Ka5 Ka7 53. Be2 Kb7 54. Bd3 Ka7 55. Bc2 Kb7 56. Ba4 Ne8 57. Bc2 Nc7 58. Bd3 Ka7 59. Kb4 Kb7 60. Kc3 Ne8 61. Kd2 Nc7 62. Ke1 Kc8 63. Ke2 Kd7 64. Kd2 1/2-1/2

[Event "Wisla op"]
[Site "Wisla"]
[Date "2009.05.10"]
[Round "9"]
[White "Lipski, Tadeusz"]
[Black "Przybyl, Jozef"]
[Result "1-0"]
[WhiteElo "2145"]
[BlackElo "1940"]
[PlyCount "95"]
[EventDate "2009.05.04"]
[EventType "swiss"]
[EventRounds "11"]
[EventCountry "POL"]
[SourceTitle "EXT 2012"]
[Source "ChessBase"]
[SourceDate "2011.11.24"]
[SourceVersion "1"]
[SourceVersionDate "2011.11.24"]
[SourceQuality "1"]

1. e4 c5 2. Nf3 e6 3. d4 cxd4 4. Nxd4 a6 5. Nc3 Qc7 6. g3 b5 7. Bg2 Bb7 8. 0-0 Nf6 9. Re1 d6 10. Bg5 Be7 11. Bxf6 Bxf6 12. Ndxb5 axb5 13. Nxb5 Qd7 14. Nxd6+ Ke7 15. Nxb7 Qxd1 16. Rexd1 Bxb2 17. Rab1 Rxa2 18. Bf1 Rc8 19. Bd3 Nd7 20. Nd6 Rca8 21. Bc4 Ra1 22. Rxa1 Rxa1 23. Rxa1 Bxa1 24. Nb5 Ne5 25. Be2 Nc6 26. c3 Bb2 27. Kf1 Bc1 28. Ke1 e5 29. Kd1 Bh6 30. Kc2 g6 31. Bd3 Kd7 32. Na3 Kd6 33. Bc4 Nd8 34. Bd5 Bg7 35. Kb3 Kc5 36. Nb1 Bh6 37. Kc2 Bf8 38. Nd2 f6 39. Kd3 Kb6 40. f4 exf4 41. gxf4 Bd6 42. Nc4+ Kc5 43. Nxd6 Kxd6 44. Kd4 h6 45. c4 g5 46. e5+ Ke7 47. f5 h5 48. e6 1-0

[Event "Wisla op"]
[Site "Wisla"]
[Date "2009.05.05"]
[Round "2"]
[White "Flazinski, Jozef"]
[Black "Przybyl, Jozef"]
[Result "0-1"]
[WhiteElo "2009"]
[BlackElo "1940"]
[PlyCount "113"]
[EventDate "2009.05.04"]
[EventType "swiss"]
[EventRounds "11"]
[EventCountry "POL"]
[SourceTitle "EXT 2012"]
[Source "ChessBase"]
[SourceDate "2011.11.24"]
[SourceVersion "1"]
[SourceVersionDate "2011.11.24"]
[SourceQuality "1"]

1. e4 c5 2. Nf3 e6 3. d4 cxd4 4. Nxd4 a6 5. Nc3 b5 6. Bd3 Bb7 7. 0-0 Nc6 8. Be3 Qc7 9. Nce2 Nf6 10. f3 d5 11. Nxc6 Bxc6 12. exd5 Bxd5 13. Kh1 Bd6 14. Bg1 0-0 15. Nc3 Bc6 16. Qe1 Qb7 17. Rd1 Rfd8 18. Qh4 Be7 19. Be3 g6 20. Bg5 Nd5 21. Ne4 f5 22. Bxe7 Qxe7 23. Qxe7 Nxe7 24. Nc5 Kf7 25. Rfe1 Rd6 26. Kg1 Nd5 27. Kf2 Nc7 28. a3 Rad8 29. Be2 Kf6 30. f4 h6 31. Rxd6 Rxd6 32. g3 g5 33. Bf3 Bxf3 34. Kxf3 Rd5 35. b4 a5 36. h3 axb4 37. axb4 Rd4 38. c3 Rd6 39. Re3 Rd1 40. Ke2 Rd6 41. Rd3 Rd5 42. Nd7+ Ke7 43. Ne5 gxf4 44. gxf4 Rxd3 45. Kxd3 Nd5 46. Nc6+ Kd6 47. Nd4 Nxf4+ 48. Kd2 Nxh3 49. Nxb5+ Kd7 50. Nd4 Ng5 51. Ke3 Nf7 52. c4 f4+ 53. Ke2 e5 54. Nb5 Nd6 55. Na3 Ke6 56. Kf3 h5 57. c5 0-1